New Season Approaching: Devour It (Record no. 1433220)

MARC details
000 -LEADER
fixed length control field 00579nam a2200205Ia 4500
005 - DATE AND TIME OF LATEST TRANSACTION
control field 20250701164459.0
008 - FIXED-LENGTH DATA ELEMENTS--GENERAL INFORMATION
fixed length control field 008 250505s9999 xx 000 0 eng d
020 ## - INTERNATIONAL STANDARD BOOK NUMBER
International Standard Book Number 9780974856421
037 ## - SOURCE OF ACQUISITION
Stock number Textual
040 ## - CATALOGING SOURCE
Original cataloging agency EASL
Language of cataloging eng
Transcribing agency EASL
041 ## - LANGUAGE CODE
Language code of text/sound track or separate title eng
Source of code eng
084 ## - COLON CLASSIFICATION NUMBER
Classification number O495,1xN47, 111Q1
Assigning agency EASL
100 ## - MAIN ENTRY--PERSONAL NAME
Personal name Kyunglim Lee
9 (RLIN) 815003
245 #0 - TITLE STATEMENT
Title New Season Approaching: Devour It
260 ## - PUBLICATION, DISTRIBUTION, ETC.
Place of publication, distribution, etc. USA
Name of publisher, distributor, etc. Woodstock Hawks Publishing New York
Date of publication, distribution, etc. 2011
300 ## - PHYSICAL DESCRIPTION
Extent 95pg
365 ## - TRADE PRICE
Price type code UK
942 ## - ADDED ENTRY ELEMENTS (KOHA)
Koha item type Textual
Classification part O495,1xN47, 111Q1
Holdings
Withdrawn status Lost status Damaged status Not for loan Collection Home library Current library Date acquired Total Checkouts Full call number Barcode Date last seen Price effective from Koha item type
        Others Department of East Asian Studies Library Department of East Asian Studies Library 2025-07-01   O495,1xN47, 111Q1 EA1603582 2025-07-01 2025-07-01 Textual
Copyright @ Delhi University Library System